| 000 | 01334 a2200265 4500 | ||
|---|---|---|---|
| 003 | Nust | ||
| 005 | 20220819114729.0 | ||
| 010 | _a 2001057519 | ||
| 020 | _a0470845198 (alk. paper) | ||
| 040 | _cNust | ||
| 082 | 0 | 0 | _a621.38456,BLO |
| 100 | 1 |
_aBlogh, J. S. _998247 |
|
| 245 | 1 | 0 |
_aThird-generation systems and intelligent wireless networking : _bsmart antennas and adaptive modulation / _cJ.S. Blogh, L. Hanzo. |
| 260 |
_a[New York?] : _bIEEE Press ; _aChichester, West Sussex ; _aNew York : _bWiley, _cc2002. |
||
| 300 |
_axxi, 413 p. : _bill. ; _c25 cm. |
||
| 505 | _aThird –Generation CDMA Systems (Page-1), Burst-by Burst Adaptive Wireless Transceivers (Page-89), Intelligent Antenna arrays and Beam forming (Page-123), Adaptive Arrays in Cellular Network (Page-193), UTRA Adaptive Arrays and Adaptive Modulation (Page-295), Conclusions and Further Research (Page-361). | ||
| 650 | 0 |
_aAdaptive antennas. _9605 |
|
| 650 | 0 |
_aCellular telephone systems. _994584 |
|
| 650 | 0 |
_aGlobal system for mobile communications. _955579 |
|
| 650 | 0 |
_aModulation (Electronics) _998248 |
|
| 700 | 1 |
_aHanzo, Lajos, _d1952- _998249 |
|
| 856 | 4 | 2 |
_3Publisher description _uhttp://www.loc.gov/catdir/description/wiley037/2001057519.html |
| 856 | 4 | 2 |
_3Table of contents _uhttp://www.loc.gov/catdir/toc/wiley022/2001057519.html |
| 942 |
_cREF _2ddc |
||
| 999 |
_c176091 _d176091 |
||